Why has development neglected rural women (Record no. 34843)

MARC details
000 -LEADER
fixed length control field 00287nam a2200109Ia 4500
082 ## - DEWEY DECIMAL CLASSIFICATION NUMBER
Classification number 3-055.2(-202)
Item number NEL
100 ## - MAIN ENTRY--AUTHOR NAME
Personal name Nelson, N
245 #0 - TITLE STATEMENT
Title Why has development neglected rural women
260 ## - PUBLICATION, DISTRIBUTION, ETC. (IMPRINT)
Place of publication New York
Name of publisher Pergamon
Year of publication 1979
942 ## - ADDED ENTRY ELEMENTS (KOHA)
Koha item type Books
Holdings
Withdrawn status Lost status Damaged status Not for loan Home library Current library Date acquired Full call number Accession Number Koha item type
        RRII Library RRII Library 16/12/2021 3-055.2(-202) NEL 15270 Books